| 000 | nam a22 a 4500 | ||
|---|---|---|---|
| 999 |
_c1571 _d1571 |
||
| 005 | 20170511093055.0 | ||
| 008 | 1 |1959 - || ||| ||eng d | ||
| 040 | _aAKMAL | ||
| 082 | _a316.6'1072 ROZ | ||
| 090 |
_a316.6'1072 _bROZ |
||
| 100 | 1 |
_a Rozwenc, Edwin C. _d1915-1974 _q(Edwin Charles), _93178 |
|
| 245 | 1 | 4 | _aThe New Deal: revolution or evolution? Revised edition. Edited with an introduction by E. C. Rozwen |
| 260 |
_aBoston _b D. C. Heath & Co., _c1959 |
||
| 300 |
_aviii, 113 p. ; _c8ยบ. |
||
| 490 | 0 | _aProblems in American Civilization | |
| 942 |
_2ddc _cBOOK |
||